Normal view
MARC view
Entry Corporate Name
001 - CONTROL NUMBER
- control field: 15392
003 - CONTROL NUMBER IDENTIFIER
- control field: OSt
005 - DATE AND TIME OF LATEST TRANSACTION
- control field: 20260319103112.0
008 - FIXED-LENGTH DATA ELEMENTS
- fixed length control field: 260319|| aca||aabn | a|a d
040 ## - CATALOGING SOURCE
- Original cataloging agency: OSt
- Transcribing agency: OSt
110 ## - HEADING--CORPORATE NAME
- Corporate name or jurisdiction name as entry element: Yorkshire Sculpture Park
670 ## - SOURCE DATA FOUND
- Source citation: Work cat.: (OSt)5700: Nash, David, 1945- 15388, David Nash at Yorkshire Sculpture Park /, c2010.
